[Event "Scarborough CC Falling Leaves U1700"]
[Site "Toronto CAN"]
[Date "2009.11.05"]
[Round "1"]
[White "Yie, Kevin Yi Xiao"]
[Black "Walker, John"]
[Result "0-1"]
[WhiteElo "1009"]
[BlackElo "1476"]
[PlyCount "120"]
[GameId "2160767910096101"]
[EventDate "2009.11.05"]
[EventType "swiss"]
[EventRounds "7"]
[EventCountry "CAN"]
[SourceTitle "EXT 2011"]
[Source "ChessBase"]
[SourceDate "2011.11.26"]
[SourceVersion "1"]
[SourceVersionDate "2011.11.26"]
[SourceQuality "1"]

1. e4 d6 2. d4 Nf6 3. Nc3 e5 4. d5 Nbd7 5. Nf3 Nc5 6. Bd3 a5 7. O-O Be7 8. Be3 b6 9. h3 O-O 10. a3 Re8 11. b4 axb4 12. axb4 Rxa1 13. Qxa1 Nxd3 14. cxd3 Bf8 15. Qa7 Bd7 16. Qb7 g6 17. Ra1 Qc8 18. Ra7 Qxb7 19. Rxb7 Rc8 20. Bg5 Bg7 21. Ra7 h6 22. Be3 Nh5 23. Ne2 Bb5 24. Ne1 f5 25. f3 f4 26. Bf2 Bf6 27. Nc3 Be8 28. Nc2 Ng3 29. Bxg3 fxg3 30. Ne2 Bh4 31. Nc3 h5 32. Na3 c6 33. Kf1 cxd5 34. Nxd5 Rc1+ 35. Ke2 Rg1 36. Ne3 Bg5 37. Nac4 Bxe3 38. Nxe3 Rb1 39. Nd5 Rb2+ 40. Kd1 Bb5 41. Nxb6 Bxd3 42. Rd7 Rxg2 43. Rxd6 Be2+ 44. Ke1 Bxf3 45. Rxg6+ Kf7 46. Rg5 Re2+ 47. Kf1 g2+ 48. Kg1 Re1+ 49. Kf2 Rf1+ 50. Ke3 g1=Q+ 51. Rxg1 Rxg1 52. Kxf3 Rb1 53. Nd5 Rb3+ 54. Kg2 Kg6 55. Ne7+ Kg5 56. Nc6 Kf4 57. Kf2 Rxh3 58. b5 Rb3 59. Na7 Kxe4 60. Ke2 h4 0-1

[Event "Scarborough CC Falling Leaves U1700"]
[Site "Toronto CAN"]
[Date "2009.11.05"]
[Round "1"]
[White "Yusuf, Magas"]
[Black "Pishdad, Hassan"]
[Result "1-0"]
[WhiteElo "1553"]
[BlackElo "1442"]
[PlyCount "97"]
[GameId "2160767910096102"]
[EventDate "2009.11.05"]
[EventType "swiss"]
[EventRounds "7"]
[EventCountry "CAN"]
[SourceTitle "EXT 2011"]
[Source "ChessBase"]
[SourceDate "2011.11.26"]
[SourceVersion "1"]
[SourceVersionDate "2011.11.26"]
[SourceQuality "1"]

1. e4 c5 2. Nc3 Nc6 3. Nf3 e5 4. Bc4 d6 5. d3 Bg4 6. h3 Bh5 7. Nxe5 Nxe5 8. Bb5+ Nc6 9. Qxh5 Nf6 10. Qe2 Qc7 11. Bd2 O-O-O 12. Bxc6 Qxc6 13. Bg5 Re8 14. Bxf6 gxf6 15. O-O-O Bg7 16. Qg4+ Qd7 17. Qxg7 Qe6 18. Qg4 Qxg4 19. hxg4 Re6 20. Nd5 Kd7 21. Rh6 f5 22. Rxe6 fxe6 23. Ne3 f4 24. Nc4 b5 25. Nd2 Rg8 26. f3 e5 27. Rh1 Rg7 28. Nb1 a5 29. Nc3 Kc6 30. a4 b4 31. Nd5 Rf7 32. Rh6 Rb7 33. Nf6 b3 34. Ne8 Rd7 35. cxb3 Rd8 36. Nf6 c4 37. bxc4 Kc5 38. Kc2 Kd4 39. Nd5 Rd7 40. Re6 Rd8 41. Re7 h6 42. Ra7 Rg8 43. Rh7 Rg6 44. Ne7 Re6 45. Nf5+ Kc5 46. Rxh6 Rxh6 47. Nxh6 Kd4 48. Nf5+ Kc5 49. g5 1-0

[Event "Scarborough CC Falling Leaves U1700"]
[Site "Toronto CAN"]
[Date "2009.09.17"]
[Round "2"]
[White "Al Ganabi, Zaidun"]
[Black "Rogers, Michael"]
[Result "1/2-1/2"]
[WhiteElo "1360"]
[BlackElo "1440"]
[PlyCount "59"]
[GameId "2160767910096103"]
[EventDate "2009.11.05"]
[EventType "swiss"]
[EventRounds "7"]
[EventCountry "CAN"]
[SourceTitle "EXT 2011"]
[Source "ChessBase"]
[SourceDate "2011.11.26"]
[SourceVersion "1"]
[SourceVersionDate "2011.11.26"]
[SourceQuality "1"]

1. e4 e5 2. Nf3 Nc6 3. Bc4 Nf6 4. Ng5 d5 5. exd5 Nxd5 6. Qf3 Qxg5 7. Bxd5 Qg6 8. Bxc6+ bxc6 9. O-O Bb7 10. d3 Bd6 11. Nc3 Rb8 12. Ne4 O-O 13. Qe3 c5 14. f3 Bxe4 15. dxe4 f5 16. b3 Qh5 17. Bb2 Rf6 18. exf5 Rxf5 19. g4 Rg5 20. Kh1 Qh4 21. Qe4 Rf8 22. Bc3 Qh3 23. Rad1 Kh8 24. Rf2 c4 25. bxc4 Bc5 26. Rff1 Bd6 27. Rf2 Bc5 28. Rff1 Bd6 29. Rf2 Bc5 30. Rff1 1/2-1/2

[Event "Scarborough CC Falling Leaves U1700"]
[Site "Toronto CAN"]
[Date "2009.09.17"]
[Round "2"]
[White "Azmitia, Gabriel"]
[Black "Roe, Jim"]
[Result "1-0"]
[WhiteElo "1428"]
[BlackElo "1561"]
[PlyCount "93"]
[GameId "2160767910096104"]
[EventDate "2009.11.05"]
[EventType "swiss"]
[EventRounds "7"]
[EventCountry "CAN"]
[SourceTitle "EXT 2011"]
[Source "ChessBase"]
[SourceDate "2011.11.26"]
[SourceVersion "1"]
[SourceVersionDate "2011.11.26"]
[SourceQuality "1"]

1. Nf3 e6 2. e3 d5 3. d4 c5 4. b3 Nc6 5. a3 Bd7 6. Bd3 cxd4 7. exd4 g6 8. Bb2 Bg7 9. O-O Rc8 10. Nbd2 Qb6 11. c3 Nge7 12. Re1 O-O 13. Rc1 Rfe8 14. Qe2 a6 15. b4 Na7 16. c4 dxc4 17. Nxc4 Qd8 18. Nd6 Rxc1 19. Rxc1 Rf8 20. Nxb7 Qb6 21. Nc5 Rd8 22. Bxa6 Bb5 23. Bxb5 Nxb5 24. Rd1 Ra8 25. Qd3 Rd8 26. Qe3 Nf5 27. Qe2 Rd5 28. Nb3 Rd8 29. g4 Ne7 30. Nc5 Nd5 31. Qd2 Nf6 32. h3 Nd6 33. Ng5 Bh6 34. h4 Nxg4 35. Qe2 Bxg5 36. hxg5 h6 37. gxh6 Nxh6 38. d5 Ndf5 39. Qe5 Kf8 40. Qh8+ Ng8 41. Qe5 Qd6 42. Qe2 exd5 43. Nb7 Qd7 44. Nxd8 Qxd8 45. b5 Qg5+ 46. Kf1 Qf4 47. Rd3 1-0

[Event "Scarborough CC Falling Leaves U1700"]
[Site "Toronto CAN"]
[Date "2009.09.17"]
[Round "2"]
[White "Dattani, Dinesh"]
[Black "Karpik, Steve"]
[Result "0-1"]
[WhiteElo "1412"]
[BlackElo "1522"]
[PlyCount "56"]
[GameId "2160767910096105"]
[EventDate "2009.11.05"]
[EventType "swiss"]
[EventRounds "7"]
[EventCountry "CAN"]
[SourceTitle "EXT 2011"]
[Source "ChessBase"]
[SourceDate "2011.11.26"]
[SourceVersion "1"]
[SourceVersionDate "2011.11.26"]
[SourceQuality "1"]

1. e4 d6 2. Nf3 Nf6 3. Nc3 g6 4. d4 Bg7 5. Be2 O-O 6. O-O Nbd7 7. Bg5 a6 8. Qd2 b5 9. b4 Bb7 10. e5 dxe5 11. dxe5 Ne4 12. Nxe4 Bxe4 13. Rad1 Nxe5 14. Qxd8 Rfxd8 15. Nxe5 Bxe5 16. Bxe7 Re8 17. Bc5 Bxc2 18. Rd2 Bf5 19. f4 Bc3 20. Bf3 Bxd2 21. Bxa8 Rxa8 22. Rf2 Rd8 23. g3 Bc3 24. Rf3 Rd1+ 25. Kf2 Rd2+ 26. Kg1 Bd4+ 27. Bxd4 Rxd4 28. Ra3 Bc8 0-1

[Event "Scarborough CC Falling Leaves U1700"]
[Site "Toronto CAN"]
[Date "2009.09.17"]
[Round "2"]
[White "Douglas, Steven"]
[Black "Xie, Peter"]
[Result "0-1"]
[WhiteElo "1540"]
[BlackElo "1366"]
[PlyCount "72"]
[GameId "2160767910096106"]
[EventDate "2009.11.05"]
[EventType "swiss"]
[EventRounds "7"]
[EventCountry "CAN"]
[SourceTitle "EXT 2011"]
[Source "ChessBase"]
[SourceDate "2011.11.26"]
[SourceVersion "1"]
[SourceVersionDate "2011.11.26"]
[SourceQuality "1"]

1. e4 e5 2. f4 Bc5 3. Nf3 d6 4. Bc4 Bg4 5. fxe5 dxe5 6. Bxf7+ Kf8 7. Bb3 Nf6 8. Rf1 Nc6 9. h3 Nxe4 10. Nxe5+ Bf2+ 11. Rxf2+ Nxf2 12. Nxg4 Nxd1 13. Kxd1 Qe7 14. c3 Re8 15. Ne3 g6 16. Kc2 Kg7 17. Bd5 Qd6 18. Bf3 Ne5 19. Be2 Rhf8 20. Na3 a6 21. d4 Rf2 22. Kd1 c5 23. Ke1 Rxe2+ 24. Kxe2 cxd4 25. cxd4 Qxd4 26. Nac2 Qe4 27. b3 Qd3+ 28. Ke1 Qc3+ 29. Bd2 Nd3+ 30. Kd1 Qf6 31. Ke2 Rd8 32. Rf1 Qe5 33. Kd1 Nc5 34. Kc1 Rc8 35. Ng4 Nxb3+ 36. axb3 Qa1# 0-1

[Event "Scarborough CC Falling Leaves U1700"]
[Site "Toronto CAN"]
[Date "2009.09.17"]
[Round "2"]
[White "Mahoney, Ian"]
[Black "Wang, Jason"]
[Result "1-0"]
[WhiteElo "1516"]
[BlackElo "1011"]
[PlyCount "67"]
[GameId "2160767910096107"]
[EventDate "2009.11.05"]
[EventType "swiss"]
[EventRounds "7"]
[EventCountry "CAN"]
[SourceTitle "EXT 2011"]
[Source "ChessBase"]
[SourceDate "2011.11.26"]
[SourceVersion "1"]
[SourceVersionDate "2011.11.26"]
[SourceQuality "1"]

1. e4 c5 2. Nf3 Nc6 3. d4 e6 4. d5 exd5 5. exd5 Nce7 6. c4 g6 7. Be2 d6 8. Bf4 Bg7 9. Nc3 Bf5 10. Bd3 Nf6 11. Nb5 Qa5+ 12. Bd2 Qb6 13. Bc3 a6 14. Na3 O-O 15. O-O Bg4 16. h3 Bf5 17. Re1 Rae8 18. Nc2 Bxd3 19. Qxd3 Nf5 20. Ne3 Nxe3 21. Rxe3 Rxe3 22. Qxe3 Re8 23. Qd3 Qd8 24. Re1 Rxe1+ 25. Bxe1 Qe8 26. b4 Ne4 27. bxc5 Nxc5 28. Qc2 b5 29. Bb4 Ne4 30. c5 dxc5 31. Nd2 f5 32. Nxe4 Qxe4 33. Qxc5 Be5 34. Qf8# 1-0

[Event "Scarborough CC Falling Leaves U1700"]
[Site "Toronto CAN"]
[Date "2009.09.17"]
[Round "2"]
[White "Philip, Andrew"]
[Black "Yie, Kevin Yi Xiao"]
[Result "1-0"]
[WhiteElo "1550"]
[BlackElo "956"]
[PlyCount "69"]
[GameId "2160767910096108"]
[EventDate "2009.11.05"]
[EventType "swiss"]
[EventRounds "7"]
[EventCountry "CAN"]
[SourceTitle "EXT 2011"]
[Source "ChessBase"]
[SourceDate "2011.11.26"]
[SourceVersion "1"]
[SourceVersionDate "2011.11.26"]
[SourceQuality "1"]

1. d4 Nf6 2. Bg5 h6 3. Bxf6 gxf6 4. e4 e5 5. Nf3 d6 6. Qd3 Bg4 7. Nbd2 Nd7 8. c3 c6 9. Be2 Qb6 10. O-O-O O-O-O 11. h3 Bxf3 12. Nxf3 c5 13. d5 Rg8 14. g4 Be7 15. Nh4 Kb8 16. Nf5 Bf8 17. Qe3 Qa5 18. Kb1 Nb6 19. c4 Na4 20. Rd3 Qb6 21. b3 Rg5 22. Ka1 Qb4 23. bxa4 Qxa4 24. Rb3 a6 25. Rhb1 Rd7 26. Ra3 Qc2 27. Rb2 Qxb2+ 28. Kxb2 h5 29. Qb3 b5 30. Rxa6 Rb7 31. cxb5 hxg4 32. hxg4 Rc7 33. Rc6 Rxc6 34. bxc6+ Kc8 35. Qb7+ 1-0

[Event "Scarborough CC Falling Leaves U1700"]
[Site "Toronto CAN"]
[Date "2009.09.17"]
[Round "2"]
[White "Veecock, Carl"]
[Black "Huston, Scott"]
[Result "0-1"]
[WhiteElo "1641"]
[BlackElo "1475"]
[PlyCount "108"]
[GameId "2160767910096109"]
[EventDate "2009.11.05"]
[EventType "swiss"]
[EventRounds "7"]
[EventCountry "CAN"]
[SourceTitle "EXT 2011"]
[Source "ChessBase"]
[SourceDate "2011.11.26"]
[SourceVersion "1"]
[SourceVersionDate "2011.11.26"]
[SourceQuality "1"]

1. Nf3 d5 2. g3 c5 3. Bg2 Nf6 4. d4 Nc6 5. Nc3 Bf5 6. O-O e6 7. Nh4 cxd4 8. Nxf5 dxc3 9. Ne3 cxb2 10. Bxb2 Bc5 11. Bxf6 Qxf6 12. Ng4 Qd4 13. e3 Qxd1 14. Rfxd1 h5 15. Bf3 hxg4 16. Bxg4 Ke7 17. c3 Ne5 18. Be2 Rac8 19. Kg2 Ba3 20. f4 Nc4 21. Bxc4 Rxc4 22. Rd3 Rhc8 23. Rb1 b6 24. Rb3 Bd6 25. Kf3 Ra4 26. Rb2 Ra3 27. Rc2 b5 28. e4 dxe4+ 29. Kxe4 Rc4+ 30. Kf3 b4 31. Ke2 Raxc3 32. Rdxc3 Rxc3 33. Rxc3 bxc3 34. Kd3 Bb4 35. g4 Kd6 36. h4 c2 37. Kxc2 Be1 38. h5 Bg3 39. f5 exf5 40. gxf5 Ke5 41. f6 Kxf6 42. Kd3 Kg5 43. Ke4 Kxh5 44. Kf3 Bd6 45. Ke4 g5 46. Kf3 f5 47. a4 g4+ 48. Kg2 f4 49. a5 f3+ 50. Kf2 Kh4 51. a6 Kh3 52. Kg1 g3 53. Kh1 g2+ 54. Kg1 Bc5# 0-1

[Event "Scarborough CC Falling Leaves U1700"]
[Site "Toronto CAN"]
[Date "2009.11.12"]
[Round "2"]
[White "Azmitia, Gabriel"]
[Black "Yusuf, Magas"]
[Result "1/2-1/2"]
[WhiteElo "1467"]
[BlackElo "1553"]
[PlyCount "99"]
[GameId "2160767910096112"]
[EventDate "2009.11.05"]
[EventType "swiss"]
[EventRounds "7"]
[EventCountry "CAN"]
[SourceTitle "EXT 2011"]
[Source "ChessBase"]
[SourceDate "2011.11.26"]
[SourceVersion "1"]
[SourceVersionDate "2011.11.26"]
[SourceQuality "1"]

1. d4 d5 2. Nf3 Nf6 3. e3 e6 4. Bd3 c5 5. b3 Nc6 6. Bb2 Be7 7. Nbd2 O-O 8. O-O cxd4 9. exd4 Qc7 10. Qe2 Nb4 11. Ne5 Nxd3 12. Qxd3 Bd6 13. g3 Nd7 14. f4 Qb6 15. Kh1 Nxe5 16. fxe5 Be7 17. Nf3 Bd7 18. a4 Rac8 19. Bc1 Qc7 20. Rf2 Qc3 21. Qxc3 Rxc3 22. Bb2 Rc7 23. c3 Rfc8 24. Rc1 b5 25. axb5 Bxb5 26. Ne1 Bg5 27. Rcc2 Be3 28. Rf3 Bxd4 29. cxd4 Rxc2 30. Nxc2 Rxc2 31. Rc3 Rxc3 32. Bxc3 Bd3 33. Bd2 Kf8 34. Kg2 Bc2 35. b4 Ke7 36. h4 Kd7 37. Kf3 Kc6 38. Ke3 Kb5 39. g4 f6 40. exf6 gxf6 41. g5 fxg5 42. hxg5 Kc4 43. Be1 Be4 44. Bd2 Kb5 45. Kf4 Kc4 46. Ke5 Bf5 47. Be1 a6 48. Bd2 Kd3 49. Be1 Ke2 50. Bc3 1/2-1/2

[Event "Scarborough CC Falling Leaves U1700"]
[Site "Toronto CAN"]
[Date "2009.11.12"]
[Round "2"]
[White "Graham, John"]
[Black "Andona, Mary"]
[Result "1-0"]
[WhiteElo "1407"]
[BlackElo "955"]
[PlyCount "55"]
[GameId "2160767910096113"]
[EventDate "2009.11.05"]
[EventType "swiss"]
[EventRounds "7"]
[EventCountry "CAN"]

1. c4 c5 2. g3 b6 3. Bg2 d5 4. Bxd5 b5 5. Bxa8 bxc4 6. Bg2 Nf6 7. Qa4+ Bd7 8. Qxc4 Qb6 9. Nc3 Be6 10. Qa4+ Nbd7 11. Nf3 Qc7 12. O-O g5 13. Nxg5 Bg7 14. Nxe6 fxe6 15. d3 O-O 16. Bf4 e5 17. Be3 Nb6 18. Qb3+ c4 19. dxc4 Nxc4 20. Nd5 Nxd5 21. Bxd5+ Kh8 22. Qxc4 Qa5 23. Rac1 h6 24. Qe4 Qb5 25. Rc6 Qxe2 26. Qh4 Rd8 27. Rxh6+ Bxh6 28. Qxh6# 1-0

[Event "Scarborough CC Falling Leaves U1700"]
[Site "Toronto CAN"]
[Date "2009.11.12"]
[Round "2"]
[White "Karpik, Steve"]
[Black "Luo, Yutong"]
[Result "0-1"]
[WhiteElo "1528"]
[BlackElo "1454"]
[PlyCount "98"]
[GameId "2160767910096115"]
[EventDate "2009.11.05"]
[EventType "swiss"]
[EventRounds "7"]
[EventCountry "CAN"]
[SourceTitle "EXT 2011"]
[Source "ChessBase"]
[SourceDate "2011.11.26"]
[SourceVersion "1"]
[SourceVersionDate "2011.11.26"]
[SourceQuality "1"]

1. Nf3 Nf6 2. g3 g6 3. c4 Bg7 4. Nc3 O-O 5. Bg2 d6 6. O-O e5 7. d3 Nc6 8. a3 a5 9. Bd2 Ne8 10. Qc1 f5 11. Bh6 Nf6 12. Nb5 Ne7 13. c5 e4 14. Bxg7 Kxg7 15. cxd6 cxd6 16. Qc4 exf3 17. Bxf3 d5 18. Qc3 Bd7 19. Nd4 Qb6 20. e3 Rac8 21. Qd2 Nc6 22. Ne2 Ne5 23. Bg2 Qb3 24. Qxa5 Nxd3 25. Nd4 Qa4 26. Qxa4 Bxa4 27. Ne6+ Kf7 28. Nxf8 Kxf8 29. b4 Rc2 30. Bf3 Rd2 31. h3 Ne4 32. Bxe4 dxe4 33. Kg2 g5 34. h4 g4 35. Kg1 h5 36. Kg2 b5 37. Kg1 Ke7 38. Kg2 Kd6 39. Kg1 Kd5 40. Kg2 Kc4 41. Kg1 Kb3 42. Rfb1+ Rb2 43. Rf1 Kc2 44. Kg2 Bb3 45. Kg1 Ra2 46. f4 exf3 47. e4 Rxa1 48. Rxa1 fxe4 49. Kf1 Kb2 0-1

[Event "Scarborough CC Falling Leaves U1700"]
[Site "Toronto CAN"]
[Date "2009.11.12"]
[Round "2"]
[White "Philip, Andrew"]
[Black "Xie, Peter"]
[Result "1-0"]
[WhiteElo "1566"]
[BlackElo "1514"]
[PlyCount "75"]
[GameId "2160767910096116"]
[EventDate "2009.11.05"]
[EventType "swiss"]
[EventRounds "7"]
[EventCountry "CAN"]
[SourceTitle "EXT 2011"]
[Source "ChessBase"]
[SourceDate "2011.11.26"]
[SourceVersion "1"]
[SourceVersionDate "2011.11.26"]
[SourceQuality "1"]

1. d4 Nf6 2. Bg5 g6 3. c4 Bg7 4. Nc3 d5 5. Bxf6 exf6 6. cxd5 O-O 7. e3 f5 8. Nf3 Re8 9. Bb5 c6 10. dxc6 bxc6 11. Be2 Qf6 12. O-O g5 13. Qa4 g4 14. Ne5 Qh4 15. Nd3 Bh6 16. g3 Qh5 17. Rfe1 Bg5 18. Bf1 Ba6 19. d5 Nd7 20. Qxa6 cxd5 21. Nxd5 Ne5 22. Nxe5 Rxe5 23. Bg2 Re6 24. Qa4 Rh6 25. Nf4 Qxh2+ 26. Kf1 Rd8 27. Rad1 Rc8 28. Rc1 Rb8 29. b3 Rd6 30. Red1 Rdb6 31. Qd7 Bxf4 32. exf4 Qh5 33. Rc8+ Rxc8 34. Qxc8+ Kg7 35. Rd5 Qg6 36. Qxf5 h5 37. Qxg6+ fxg6 38. Rd7+ 1-0

[Event "Scarborough CC Falling Leaves U1700"]
[Site "Toronto CAN"]
[Date "2009.11.12"]
[Round "2"]
[White "Pishdad, Hassan"]
[Black "Vora, Hanz"]
[Result "0-1"]
[WhiteElo "1442"]
[BlackElo "1110"]
[PlyCount "104"]
[GameId "2160767910096117"]
[EventDate "2009.11.05"]
[EventType "swiss"]
[EventRounds "7"]
[EventCountry "CAN"]
[SourceTitle "EXT 2011"]
[Source "ChessBase"]
[SourceDate "2011.11.26"]
[SourceVersion "1"]
[SourceVersionDate "2011.11.26"]
[SourceQuality "1"]

1. e4 e5 2. Nf3 Nc6 3. Nc3 Nf6 4. a3 d6 5. Bc4 Nxe4 6. Nxe4 d5 7. Bxd5 Qxd5 8. d3 Bf5 9. Nc3 Qd8 10. O-O Be7 11. h3 O-O 12. Re1 Qd6 13. Nb5 Qc5 14. Nc3 Rad8 15. Be3 Qd6 16. Nb5 Qd5 17. a4 a6 18. Nc3 Qd6 19. Qc1 Qg6 20. Kh1 Qh5 21. Qd1 Bb4 22. Bd2 Rfe8 23. Bg5 f6 24. Bh4 Nd4 25. Nxd4 Qxd1 26. Rexd1 exd4 27. Na2 Ba5 28. b4 Bb6 29. a5 Ba7 30. Bg3 Rd7 31. Re1 Rde7 32. f3 c6 33. Bf2 Re2 34. Kg1 Kf7 35. c3 Rxe1+ 36. Rxe1 Rxe1+ 37. Bxe1 dxc3+ 38. Bf2 Bxf2+ 39. Kxf2 Bxd3 40. Nxc3 Ke7 41. Ne2 Bxe2 42. Kxe2 Kd6 43. Kd3 c5 44. bxc5+ Kxc5 45. Ke4 b5 46. axb6 Kxb6 47. Kd3 Kc5 48. Kc3 a5 49. Kb3 Kd4 50. Ka4 Ke3 51. Kxa5 Kf2 52. Kb5 Kxg2 0-1

[Event "Scarborough CC Falling Leaves U1700"]
[Site "Toronto CAN"]
[Date "2009.11.12"]
[Round "2"]
[White "Souchko, Larissa"]
[Black "Rogers, Michael"]
[Result "0-1"]
[WhiteElo "1248"]
[BlackElo "1450"]
[PlyCount "63"]
[GameId "2160767910096118"]
[EventDate "2009.11.05"]
[EventType "swiss"]
[EventRounds "7"]
[EventCountry "CAN"]
[SourceTitle "EXT 2011"]
[Source "ChessBase"]
[SourceDate "2011.11.26"]
[SourceVersion "1"]
[SourceVersionDate "2011.11.26"]
[SourceQuality "1"]

1. e4 e5 2. Nf3 Nc6 3. Bb5 a6 4. Ba4 Nf6 5. d4 b5 6. Bb3 Nxe4 7. c3 exd4 8. cxd4 d5 9. a3 Na5 10. Bc2 c6 11. Qe2 f5 12. O-O Be7 13. Be3 O-O 14. Ne5 Bd7 15. Nd2 f4 16. Nxe4 fxe3 17. Ng3 exf2+ 18. Rxf2 Bf6 19. Raf1 Qe7 20. Qh5 g6 21. Nxg6 hxg6 22. Qxg6+ Qg7 23. Rxf6 Rxf6 24. Qxg7+ Kxg7 25. Nh5+ Kh6 26. Nxf6 Be6 27. Rf3 Nc4 28. Rg3 Bf7 29. h3 Rf8 30. Ng4+ Kg5 31. Ne5+ Kf4 32. Nd7 0-1

[Event "Scarborough CC Falling Leaves U1700"]
[Site "Toronto CAN"]
[Date "2009.11.12"]
[Round "2"]
[White "Walker, John"]
[Black "Huston, Scott"]
[Result "0-1"]
[WhiteElo "1476"]
[BlackElo "1605"]
[PlyCount "92"]
[GameId "2160767910096119"]
[EventDate "2009.11.05"]
[EventType "swiss"]
[EventRounds "7"]
[EventCountry "CAN"]
[SourceTitle "EXT 2011"]
[Source "ChessBase"]
[SourceDate "2011.11.26"]
[SourceVersion "1"]
[SourceVersionDate "2011.11.26"]
[SourceQuality "1"]

1. Nf3 d5 2. d4 Nf6 3. e3 Bf5 4. Nbd2 e6 5. b3 Nbd7 6. Bb2 Be7 7. c4 c5 8. Ne5 cxd4 9. exd4 Qa5 10. Nxd7 Nxd7 11. a3 dxc4 12. bxc4 O-O 13. Be2 Bg5 14. Bc1 Qc3 15. Ra2 Qxd4 16. O-O Nb6 17. Nf3 Qxd1 18. Rxd1 Bxc1 19. Rxc1 Rfd8 20. Nh4 Bd3 21. Bxd3 Rxd3 22. a4 Rc8 23. c5 Rxc5 24. Raa1 Rdc3 25. Rxc3 Rxc3 26. a5 Nc4 27. h3 g6 28. Nf3 Ra3 29. Rxa3 Nxa3 30. Nd2 b5 31. axb6 axb6 32. Kf1 Kg7 33. Ke2 Kf6 34. Kd3 Ke5 35. Nf3+ Kf4 36. Nd4 e5 37. g3+ Kg5 38. Nf3+ Kf5 39. Nh4+ Ke6 40. Nf3 h6 41. Nd2 f5 42. Nc4 Nxc4 43. Kxc4 Kd6 44. f3 b5+ 45. Kc3 Kd5 46. Kd3 b4 0-1

[Event "Scarborough CC Falling Leaves U1700"]
[Site "Toronto CAN"]
[Date "2009.09.24"]
[Round "3"]
[White "Huston, Scott"]
[Black "Yusuf, Magas"]
[Result "0-1"]
[WhiteElo "1475"]
[BlackElo "1462"]
[PlyCount "89"]
[GameId "2160767910096120"]
[EventDate "2009.11.05"]
[EventType "swiss"]
[EventRounds "7"]
[EventCountry "CAN"]
[SourceTitle "EXT 2011"]
[Source "ChessBase"]
[SourceDate "2011.11.26"]
[SourceVersion "1"]
[SourceVersionDate "2011.11.26"]
[SourceQuality "1"]

1. c4 e5 2. g3 Nf6 3. Bg2 Nc6 4. Nc3 Be7 5. d3 d6 6. e4 O-O 7. Nge2 Re8 8. h3 Be6 9. O-O Nd7 10. f4 f6 11. Nd5 Nb6 12. b3 Bf8 13. Bb2 Qd7 14. Kh2 Ne7 15. d4 Rad8 16. fxe5 fxe5 17. dxe5 Bxd5 18. exd5 dxe5 19. Ng1 c6 20. dxc6 Nxc6 21. Nf3 e4 22. Ng5 Qe7 23. Qg4 e3 24. Ne4 Nd7 25. Nf6+ Nxf6 26. Bxf6 Qd7 27. Bxd8 Qxg4 28. hxg4 Rxd8 29. Bxc6 bxc6 30. Rae1 Re8 31. Rf3 Bc5 32. b4 Bxb4 33. Rexe3 Rd8 34. Rd3 Re8 35. Kg2 Re2+ 36. Rf2 Re8 37. Rd7 Bc5 38. Rfd2 Re4 39. Kf3 Rxc4 40. Rc7 Rc3+ 41. Kg2 h6 42. Rxc6 Bb4 43. Rxc3 Bxc3 44. Kf3 Kh7 45. Rd6 0-1

[Event "Scarborough CC Falling Leaves U1700"]
[Site "Toronto CAN"]
[Date "2009.09.24"]
[Round "3"]
[White "Karpik, Steve"]
[Black "Azmitia, Gabriel"]
[Result "1-0"]
[WhiteElo "1522"]
[BlackElo "1428"]
[PlyCount "59"]
[GameId "2160767910096121"]
[EventDate "2009.11.05"]
[EventType "swiss"]
[EventRounds "7"]
[EventCountry "CAN"]
[SourceTitle "EXT 2011"]
[Source "ChessBase"]
[SourceDate "2011.11.26"]
[SourceVersion "1"]
[SourceVersionDate "2011.11.26"]
[SourceQuality "1"]

1. Nf3 d5 2. c4 e6 3. g3 b6 4. Bg2 Bb7 5. O-O Nf6 6. d3 Bd6 7. a3 a6 8. b4 Nbd7 9. Bb2 O-O 10. Nbd2 Rc8 11. Rb1 c5 12. bxc5 Bxc5 13. Nb3 Be7 14. Nbd2 Bc5 15. d4 Bd6 16. cxd5 Bxd5 17. e4 Nxe4 18. Nxe4 Bxe4 19. Rc1 Bd5 20. Re1 Nf6 21. Ne5 Bxg2 22. Kxg2 Bxe5 23. dxe5 Nd5 24. Qa4 a5 25. Red1 Rc7 26. Rxc7 Qxc7 27. Rc1 Qb7 28. Kg1 Rc8 29. Rc4 Rxc4 30. Qe8# 1-0

[Event "Scarborough CC Falling Leaves U1700"]
[Site "Toronto CAN"]
[Date "2009.09.24"]
[Round "3"]
[White "Pishdad, Hassan"]
[Black "Mahoney, Ian"]
[Result "0-1"]
[WhiteElo "1376"]
[BlackElo "1516"]
[PlyCount "60"]
[GameId "2160767910096123"]
[EventDate "2009.11.05"]
[EventType "swiss"]
[EventRounds "7"]
[EventCountry "CAN"]
[SourceTitle "EXT 2011"]
[Source "ChessBase"]
[SourceDate "2011.11.26"]
[SourceVersion "1"]
[SourceVersionDate "2011.11.26"]
[SourceQuality "1"]

1. e4 c5 2. Nf3 d6 3. Nc3 Nf6 4. Be2 Nc6 5. Bb5 Bd7 6. d3 a6 7. Bxc6 Bxc6 8. O-O g6 9. Re1 Bg7 10. e5 Nd5 11. Nxd5 Bxd5 12. exd6 Qxd6 13. Qe2 e6 14. c3 O-O 15. Be3 Rfd8 16. Rad1 Bxa2 17. b4 Bxc3 18. Qxa2 Bxe1 19. Nxe1 cxb4 20. Qc2 Rdc8 21. Qe2 Rc6 22. Qf3 b3 23. Bh6 e5 24. d4 exd4 25. Qxb3 b5 26. Qb2 Re8 27. Nf3 Qc5 28. Rxd4 Qc3 29. Rd8 Rxd8 30. Qxc3 Rxc3 0-1

[Event "Scarborough CC Falling Leaves U1700"]
[Site "Toronto CAN"]
[Date "2009.09.24"]
[Round "3"]
[White "Rogers, Michael"]
[Black "Dattani, Dinesh"]
[Result "1-0"]
[WhiteElo "1440"]
[BlackElo "1412"]
[PlyCount "31"]
[GameId "2160767910096124"]
[EventDate "2009.11.05"]
[EventType "swiss"]
[EventRounds "7"]
[EventCountry "CAN"]
[SourceTitle "EXT 2011"]
[Source "ChessBase"]
[SourceDate "2011.11.26"]
[SourceVersion "1"]
[SourceVersionDate "2011.11.26"]
[SourceQuality "1"]

1. e4 e5 2. Nf3 Nf6 3. Nxe5 d6 4. Nxf7 Kxf7 5. d4 Nxe4 6. Qh5+ Ke7 7. Qe2 d5 8. Bg5+ Kd7 9. Bxd8 Kxd8 10. Nc3 Bb4 11. Qf3 Re8 12. O-O-O Bxc3 13. bxc3 Be6 14. Be2 Nd7 15. Qh5 Nxf2 16. Qh4+ 1-0